| 000 | 00428cam a2200181ua 4500 | ||
|---|---|---|---|
| 020 | _c3.00 | ||
| 041 |
_amal _h |
||
| 082 |
_a355 _bMAD/DH |
||
| 100 | _aMadhavankutty, V K . | ||
| 245 |
_aDharmakshetra / _cV K Madhavankutty. _hTextual Documents |
||
| 260 |
_aThrissur : _bCurrent Books , _c1964. |
||
| 300 | _a149 ; . | ||
| 365 | _a3.00 | ||
| 504 | _a | ||
| 942 | _cBK | ||
| 999 |
_c5033 _d5033 |
||